[Event "Pan American-ch U20"]
[Site "Bogota"]
[Date "2013.07.11"]
[Round "3"]
[White "Cuellar, Diego"]
[Black "Palma Moscoso, Alvaro Dario"]
[Result "1-0"]
[WhiteElo "2350"]
[BlackElo "2190"]
[PlyCount "53"]
[EventDate "2013.07.10"]
[EventType "swiss"]
[EventRounds "9"]
[EventCountry "COL"]
[SourceTitle "CBM 155 Extra"]
[Source "ChessBase"]
[SourceDate "2013.08.26"]
[SourceVersion "1"]
[SourceVersionDate "2013.08.26"]
[SourceQuality "1"]

1. e4 c5 2. Nc3 Nc6 3. f4 d6 4. Nf3 g6 5. Bb5 Bg7 6. 0-0 Bd7 7. Bxc6 Bxc6 8. d3 Nf6 9. Qe1 Qd7 10. a3 0-0 11. Qh4 b5 12. h3 a5 13. f5 b4 14. Ne2 b3 15. c4 Qb7 16. Bh6 Nh5 17. Bxg7 Kxg7 18. Ng5 Rh8 19. fxg6 fxg6 20. Nf4 Nxf4 21. Qxf4 Qd7 22. Qf7+ Kh6 23. Ne6 Rag8 24. h4 Qe8 25. Qf4+ g5 26. hxg5+ Kh5 27. Qh2+ 1-0

[Event "World University-ch 12th"]
[Site "Guimaraes"]
[Date "2012.08.22"]
[Round "6"]
[White "Martins, Vinicius Tine"]
[Black "Palma Moscoso, Alvaro Dario"]
[Result "1-0"]
[WhiteElo "2345"]
[BlackElo "2180"]
[PlyCount "107"]
[EventDate "2012.08.20"]
[EventType "swiss"]
[EventRounds "9"]
[EventCountry "POR"]
[SourceTitle "CBM 150 Extra"]
[Source "ChessBase"]
[SourceDate "2012.10.19"]
[SourceVersion "1"]
[SourceVersionDate "2012.10.19"]
[SourceQuality "1"]

1. e4 c5 2. Nf3 Nc6 3. Bb5 g6 4. Bxc6 dxc6 5. d3 Bg7 6. h3 Nf6 7. 0-0 Nd7 8. Nc3 0-0 9. Be3 e5 10. Qd2 Qe7 11. Nh2 Nf6 12. Bh6 Nh5 13. Bxg7 Kxg7 14. Ne2 Qd6 15. Qe3 Be6 16. b3 Rad8 17. a4 Rd7 18. Kh1 Nf4 19. Nf3 Nxe2 20. Qxe2 f6 21. Qe3 b6 22. Rfe1 Rfd8 23. Rf1 Qe7 24. Ng1 Bxb3 25. cxb3 Rxd3 26. Qe2 Qe6 27. Rab1 Rxb3 28. Rbd1 Rd4 29. a5 Qd7 30. Nf3 Rdd3 31. axb6 axb6 32. Kh2 c4 33. Ra1 b5 34. Ra2 Ra3 35. Rfa1 Rxa2 36. Qxa2 Qb7 37. Qa5 c5 38. Ne1 Rd6 39. Rb1 Rb6 40. Nc2 c3 41. Qxc3 Qxe4 42. Qxc5 Rc6 43. Qa7+ Kh6 44. Qe3+ Qxe3 45. Nxe3 Rc5 46. Ra1 f5 47. Ra7 Rc1 48. Rb7 Rb1 49. Nd5 Rb2 50. f3 f4 51. h4 Rd2 52. Nf6 g5 53. h5 g4 54. Rxh7+ 1-0

[Event "World University-ch 12th"]
[Site "Guimaraes"]
[Date "2012.08.20"]
[Round "2"]
[White "Chang Suarez, Andres Felipe"]
[Black "Palma Moscoso, Alvaro Dario"]
[Result "1-0"]
[WhiteElo "1988"]
[BlackElo "2180"]
[PlyCount "111"]
[EventDate "2012.08.20"]
[EventType "swiss"]
[EventRounds "9"]
[EventCountry "POR"]
[SourceTitle "CBM 150 Extra"]
[Source "ChessBase"]
[SourceDate "2012.10.19"]
[SourceVersion "1"]
[SourceVersionDate "2012.10.19"]
[SourceQuality "1"]

1. e4 c5 2. Nc3 Nc6 3. g3 g6 4. Bg2 Bg7 5. d3 e6 6. Be3 d6 7. h4 a6 8. h5 Bd7 9. h6 Bd4 10. Qd2 Nge7 11. Nge2 Rf8 12. Nd1 Qc7 13. c3 Bh8 14. 0-0 Ne5 15. Rc1 f5 16. Bf4 Nf7 17. b4 e5 18. Be3 Bf6 19. bxc5 dxc5 20. Rb1 Nd6 21. Qc1 Rc8 22. c4 fxe4 23. dxe4 Be6 24. Nb2 b5 25. cxb5 axb5 26. Nd3 Bc4 27. Qc2 Nb7 28. Bh3 Ra8 29. Rb2 Ra3 30. Rd1 Kf7 31. Nc3 Qc6 32. Bd7 Rxc3 33. Qxc3 Qxd7 34. Rdd2 Qc7 35. a4 Rc8 36. axb5 Be6 37. b6 Qc6 38. Nxc5 Nxc5 39. Bxc5 Qb7 40. Qe3 Ra8 41. Rb1 Nc6 42. Rc1 Ra4 43. Rd6 Nd8 44. Bb4 Be7 45. Rc7 Rxb4 46. Rxb7 Nxb7 47. Rc6 Nd6 48. Rc7 Rxe4 49. Qg5 Nf5 50. b7 Bd5 51. Qd2 Nd4 52. Kf1 Bxb7 53. Rxb7 Kf6 54. Rb6+ Kf5 55. Qd3 g5 56. g4+ 1-0

[Event "South America-ch U20"]
[Site "Asuncion"]
[Date "2012.06.18"]
[Round "5"]
[White "Palma Moscoso, Alvaro Dario"]
[Black "Torres, Juan Camilo"]
[Result "0-1"]
[WhiteElo "2175"]
[BlackElo "2337"]
[PlyCount "104"]
[EventDate "2012.06.15"]
[EventType "swiss"]
[EventRounds "9"]
[EventCountry "PAR"]
[SourceTitle "CBM 149 Extra"]
[Source "ChessBase"]
[SourceDate "2012.08.24"]
[SourceVersion "1"]
[SourceVersionDate "2012.08.24"]
[SourceQuality "1"]

1. e4 c5 2. Nf3 e6 3. d4 cxd4 4. Nxd4 a6 5. Nc3 b5 6. Bd3 d6 7. 0-0 Nf6 8. a3 Be7 9. Qe2 Bb7 10. f4 0-0 11. Kh1 g6 12. f5 gxf5 13. exf5 e5 14. Nf3 Kh8 15. Bh6 Rg8 16. Ng5 Qe8 17. Be4 Nxe4 18. Ncxe4 f6 19. Ne6 Nc6 20. Rad1 Nd8 21. Bg7+ Rxg7 22. Nxg7 Kxg7 23. Nxd6 Qf8 24. Nxb7 Nxb7 25. Rf3 Nd6 26. Rh3 Qf7 27. Rhd3 Rd8 28. Qg4+ Kh8 29. Rd5 Qg7 30. Qf3 Qf8 31. b3 Rc8 32. R1d2 Nf7 33. Rd7 Nd6 34. Qd5 Rd8 35. Rxd8 Qxd8 36. Qc6 Qa5 37. Rd1 Qxa3 38. h3 Kg7 39. Qd7 Ne4 40. Kh2 Qb4 41. c4 Kh6 42. Qd3 Nd6 43. Rc1 bxc4 44. bxc4 Qc5 45. Qf3 e4 46. Qf4+ Kg7 47. g4 Nf7 48. Qxe4 Ng5 49. Qg2 Qe5+ 50. Kh1 Ne4 51. Qf3 Bc5 52. Rc2 Qa1+ 0-1

[Event "Duran zt 2.3.5"]
[Site "Duran"]
[Date "2012.03.10"]
[Round "8"]
[White "Del Castilho, Martyn Simon"]
[Black "Palma Moscoso, Alvaro Dario"]
[Result "1-0"]
[WhiteElo "2218"]
[BlackElo "2126"]
[PlyCount "55"]
[EventDate "2012.03.05"]
[EventType "swiss"]
[EventRounds "9"]
[EventCountry "ECU"]
[SourceTitle "EXT 2023"]
[Source "ChessBase"]
[SourceDate "2022.10.05"]
[SourceVersion "1"]
[SourceVersionDate "2022.10.05"]
[SourceQuality "1"]

1. e4 c5 2. Nf3 e6 3. d4 cxd4 4. Nxd4 d6 5. Nc3 Nf6 6. Be3 a6 7. Qd2 Be7 8. f3 Nc6 9. 0-0-0 0-0 10. g4 Nd7 11. h4 Nxd4 12. Qxd4 b5 13. g5 Rb8 14. Kb1 b4 15. Ne2 Qc7 16. Qd2 Ne5 17. Nd4 Nc4 18. Bxc4 Qxc4 19. h5 Rb7 20. g6 Re8 21. gxh7+ Kh8 22. Rdg1 Bf6 23. Nb3 Rb5 24. h6 g6 25. Bg5 Bxg5 26. Rxg5 Kxh7 27. Rxb5 Qxb5 28. Qxd6 1-0

[Event "Duran zt 2.3.5"]
[Site "Duran"]
[Date "2012.03.07"]
[Round "4"]
[White "Palma Moscoso, Alvaro Dario"]
[Black "Bassan, Remo"]
[Result "1-0"]
[WhiteElo "2126"]
[BlackElo "2279"]
[PlyCount "121"]
[EventDate "2012.03.05"]
[EventType "swiss"]
[EventRounds "9"]
[EventCountry "ECU"]
[SourceTitle "EXT 2023"]
[Source "ChessBase"]
[SourceDate "2022.10.05"]
[SourceVersion "1"]
[SourceVersionDate "2022.10.05"]
[SourceQuality "1"]

1. e4 Nf6 2. d3 e5 3. Nf3 Nc6 4. Nbd2 d5 5. c3 Bc5 6. Be2 a5 7. 0-0 0-0 8. h3 h6 9. Re1 Re8 10. Qc2 Nh5 11. Nf1 dxe4 12. dxe4 Qf6 13. Be3 Bf8 14. Rad1 Ne7 15. N3h2 Nf4 16. Bxf4 Qxf4 17. Bg4 Ng6 18. g3 Qg5 19. Ne3 Bxg4 20. hxg4 Bc5 21. Nf3 Qf6 22. Nf5 Nf8 23. Kg2 Ne6 24. Rh1 Rad8 25. Rd5 c6 26. Rxd8 Rxd8 27. Rd1 Rb8 28. Qa4 g6 29. N5h4 Ra8 30. Rd7 b5 31. Qd1 a4 32. Qd2 Bf8 33. Qe3 Nc5 34. Rd2 Qe6 35. g5 h5 36. a3 Re8 37. Ne1 Nb3 38. Rd1 Bc5 39. Qd3 Be7 40. Nhf3 Nc5 41. Qe3 Qg4 42. Nd3 Nxe4 43. Ndxe5 Qf5 44. Nxc6 Bc5 45. Ncd4 Qd5 46. Re1 Re6 47. Qd3 Nxg5 48. Rxe6 Nxe6 49. Qxb5 h4 50. Nxe6 fxe6 51. gxh4 Kg7 52. Qxa4 e5 53. c4 Qe6 54. Qb3 Qg4+ 55. Kf1 Qh3+ 56. Ke2 Qg2 57. Qb7+ Kh6 58. Qe4 Qxf2+ 59. Kd1 Be3 60. a4 Bf4 61. Qe2 1-0

[Event "Pan American-ch U20"]
[Site "Duran"]
[Date "2011.06.11"]
[Round "9"]
[White "Principe, Alexander"]
[Black "Palma Moscoso, Alvaro Dario"]
[Result "1-0"]
[WhiteElo "2075"]
[BlackElo "2140"]
[PlyCount "113"]
[EventDate "2011.06.05"]
[EventType "swiss"]
[EventRounds "9"]
[EventCountry "ECU"]
[SourceTitle "EXT 2022"]
[Source "ChessBase"]
[SourceDate "2021.10.06"]
[SourceVersion "1"]
[SourceVersionDate "2021.10.06"]
[SourceQuality "1"]

1. e4 c5 2. Nf3 Nc6 3. d4 cxd4 4. Nxd4 Nf6 5. Nc3 d6 6. Bg5 e6 7. Qd2 a6 8. 0-0-0 Bd7 9. f4 Qb6 10. Nf3 Rc8 11. a3 Na5 12. Re1 Bb5 13. Bxb5+ axb5 14. Bxf6 gxf6 15. Qd4 Qa6 16. Qxf6 Rg8 17. Ng5 Rg7 18. Nxf7 Rxc3 19. Qxe6+ Be7 20. bxc3 Rxf7 21. e5 d5 22. Qxa6 Bxa3+ 23. Kd2 bxa6 24. Rhf1 Nc4+ 25. Kd3 Bb2 26. f5 a5 27. f6 Ba3 28. Kd4 Rc7 29. e6 Bc5+ 30. Kd3 Nb2+ 31. Ke2 Nc4 32. Rf3 Ne5 33. Rf5 Ng6 34. g3 d4 35. Kd3 dxc3 36. h4 Rc6 37. Rd5 Nf8 38. e7 Ne6 39. Rxe6 Rxe6 40. Rd8+ Kf7 41. Rf8+ Kg6 42. e8Q+ Rxe8 43. Rxe8 b4 44. Re5 Bb6 45. Re6 Bf2 46. Re4 Bb6 47. Rf4 Kf7 48. g4 Bc7 49. Rc4 Bd6 50. g5 a4 51. Rc6 Bg3 52. Ke4 a3 53. Kf5 a2 54. Ra6 b3 55. Ra7+ Kf8 56. Ke6 b2 57. Ra8+ 1-0

[Event "Pan American-ch U20"]
[Site "Duran"]
[Date "2011.06.09"]
[Round "7"]
[White "Olvera Urena, Yasser"]
[Black "Palma Moscoso, Alvaro Dario"]
[Result "0-1"]
[WhiteElo "1749"]
[BlackElo "2140"]
[PlyCount "195"]
[EventDate "2011.06.05"]
[EventType "swiss"]
[EventRounds "9"]
[EventCountry "ECU"]
[SourceTitle "EXT 2022"]
[Source "ChessBase"]
[SourceDate "2021.10.06"]
[SourceVersion "1"]
[SourceVersionDate "2021.10.06"]
[SourceQuality "1"]

1. e4 c5 2. Nc3 a6 3. g3 b5 4. Bg2 Bb7 5. d3 d6 6. Nf3 Nc6 7. 0-0 e6 8. Bg5 Nf6 9. Re1 Be7 10. e5 Nd7 11. Bxe7 Qxe7 12. Nd5 Qd8 13. exd6 0-0 14. Nc3 Qb6 15. Qd2 Nb4 16. Ne4 h6 17. a3 Nd5 18. d4 c4 19. Ne5 Rad8 20. c3 N7f6 21. Nc5 Rxd6 22. b3 cxb3 23. Reb1 Ba8 24. Rxb3 Ne7 25. Bxa8 Qxc5 26. dxc5 Rxd2 27. Bb7 Ned5 28. c4 bxc4 29. Nxc4 Rc2 30. Bxa6 Ne4 31. Ne3 Nxe3 32. Rxe3 Nxc5 33. Bd3 Rd2 34. Bf1 Ra8 35. Rc1 Nd7 36. Rcc3 Nf6 37. Re2 Rd1 38. Rec2 Ra5 39. Kg2 g6 40. Rf3 Ng4 41. Rcc3 Rxf1 42. Kxf1 Nxh2+ 43. Kg2 Nxf3 44. Kxf3 Kg7 45. Ke3 e5 46. Kd3 f5 47. Kc4 Ra8 48. Kb4 Rb8+ 49. Kc5 Kf6 50. a4 Ke6 51. Ra3 Rb2 52. f3 f4 53. gxf4 exf4 54. a5 g5 55. a6 Rb8 56. a7 Ra8 57. Ra6+ Kf5 58. Kd4 Rd8+ 59. Kc3 Ra8 60. Kd3 Ke5 61. Rxh6 Rxa7 62. Rg6 Kf5 63. Rg8 Ra2 64. Rh8 Ra3+ 65. Ke2 Ra2+ 66. Kf1 Ke5 67. Rg8 Kd4 68. Re8 Kd3 69. Re7 Rh2 70. Re8 Rc2 71. Re7 Kd4 72. Re8 Rc5 73. Kf2 Re5 74. Rd8+ Kc5 75. Rd2 Re3 76. Rc2+ Kd6 77. Ra2 Ke6 78. Ra6+ Kf5 79. Rh6 Re6 80. Rh8 Ra6 81. Rg8 Rh6 82. Kg2 Rh7 83. Kg1 Kf6 84. Kg2 Rg7 85. Ra8 Kg6 86. Ra6+ Kh5 87. Ra1 Rg8 88. Rb1 Rc8 89. Rh1+ Kg6 90. Ra1 Rc2+ 91. Kf1 Kh5 92. Rb1 Kh4 93. Rb5 Kg3 94. Rxg5+ Kxf3 95. Kg1 Rc1+ 96. Kh2 Kf2 97. Rg8 f3 98. Rf8 0-1

[Event "Pan American-ch U20"]
[Site "Duran"]
[Date "2011.06.08"]
[Round "6"]
[White "Palma Moscoso, Alvaro Dario"]
[Black "Barros, Raul Junior"]
[Result "1/2-1/2"]
[WhiteElo "2140"]
[BlackElo "2111"]
[PlyCount "108"]
[EventDate "2011.06.05"]
[EventType "swiss"]
[EventRounds "9"]
[EventCountry "ECU"]
[SourceTitle "EXT 2022"]
[Source "ChessBase"]
[SourceDate "2021.10.06"]
[SourceVersion "1"]
[SourceVersionDate "2021.10.06"]
[SourceQuality "1"]

1. e4 c5 2. Nf3 d6 3. d3 Nc6 4. g3 g6 5. Bg2 Bg7 6. 0-0 e6 7. Re1 Nge7 8. c3 0-0 9. Nbd2 b5 10. Nf1 a5 11. Be3 Rb8 12. Qd2 Re8 13. Bh6 Bh8 14. Ne3 a4 15. d4 Qb6 16. Rad1 cxd4 17. cxd4 Na5 18. Qb4 Bb7 19. Bf4 Rbd8 20. Ng4 f6 21. d5 exd5 22. exd5 Nxd5 23. Rxe8+ Rxe8 24. Qxd6 Qxd6 25. Bxd6 f5 26. Nge5 Re6 27. Bb8 Re8 28. Nd7 Nb4 29. Nfe5 Bxg2 30. Kxg2 Nac6 31. Nxc6 Nxc6 32. Bd6 Rd8 33. Be7 Nxe7 34. Nf6+ Bxf6 35. Rxd8+ Kf7 36. b3 axb3 37. axb3 Nc6 38. Rd1 Nd4 39. f4 Nxb3 40. Rd7+ Be7 41. Rb7 b4 42. Kf3 Ke6 43. Ke2 Nd4+ 44. Kd3 Nc6 45. Rb5 Kd6 46. Kc4 Bd8 47. Rd5+ Kc7 48. Rd1 Be7 49. Kb5 Na7+ 50. Kc4 Kc6 51. Re1 Nc8 52. Re6+ Bd6 53. Re8 Nb6+ 54. Kb3 Nd7 1/2-1/2

[Event "Pan American-ch U20"]
[Site "Duran"]
[Date "2011.06.08"]
[Round "5"]
[White "Reinozo Trelles, Eduardo"]
[Black "Palma Moscoso, Alvaro Dario"]
[Result "0-1"]
[WhiteElo "1746"]
[BlackElo "2140"]
[PlyCount "38"]
[EventDate "2011.06.05"]
[EventType "swiss"]
[EventRounds "9"]
[EventCountry "ECU"]
[SourceTitle "EXT 2022"]
[Source "ChessBase"]
[SourceDate "2021.10.06"]
[SourceVersion "1"]
[SourceVersionDate "2021.10.06"]
[SourceQuality "1"]

1. e4 c5 2. Nf3 Nc6 3. d4 cxd4 4. Nxd4 Nf6 5. Nc3 d6 6. f3 e6 7. Be3 Be7 8. Qd2 a6 9. g4 Nd7 10. 0-0-0 0-0 11. h4 Nxd4 12. Bxd4 b5 13. Qf2 Qc7 14. f4 Bb7 15. Bd3 Nc5 16. Rhe1 b4 17. Nb1 b3 18. a3 bxc2 19. Qxc2 Nb3# 0-1

[Event "Pan American-ch U20"]
[Site "Duran"]
[Date "2011.06.07"]
[Round "4"]
[White "Palma Moscoso, Alvaro Dario"]
[Black "Ortiz Quishpi, Oscar"]
[Result "1/2-1/2"]
[WhiteElo "2140"]
[BlackElo "1956"]
[PlyCount "46"]
[EventDate "2011.06.05"]
[EventType "swiss"]
[EventRounds "9"]
[EventCountry "ECU"]
[SourceTitle "EXT 2022"]
[Source "ChessBase"]
[SourceDate "2021.10.06"]
[SourceVersion "1"]
[SourceVersionDate "2021.10.06"]
[SourceQuality "1"]

1. e4 c5 2. Nf3 e6 3. d3 Nc6 4. Nbd2 d5 5. g3 Bd6 6. Bg2 Nge7 7. 0-0 0-0 8. Re1 Rb8 9. Nh4 Bc7 10. f4 b5 11. Ndf3 Bb6 12. Kh1 dxe4 13. dxe4 Qxd1 14. Rxd1 Bb7 15. c3 Rfd8 16. Be3 f6 17. Bg1 b4 18. c4 Na5 19. Nd2 Rd7 20. Ndf3 Rbd8 21. Re1 Kf7 22. b3 Nac6 23. e5 Nf5 1/2-1/2

[Event "Pan American-ch U20"]
[Site "Duran"]
[Date "2011.06.05"]
[Round "1"]
[White "Galls Aguirre, Jorge"]
[Black "Palma Moscoso, Alvaro Dario"]
[Result "1-0"]
[WhiteElo "1906"]
[BlackElo "2140"]
[PlyCount "79"]
[EventDate "2011.06.05"]
[EventType "swiss"]
[EventRounds "9"]
[EventCountry "ECU"]
[SourceTitle "EXT 2022"]
[Source "ChessBase"]
[SourceDate "2021.10.06"]
[SourceVersion "1"]
[SourceVersionDate "2021.10.06"]
[SourceQuality "1"]

1. d4 Nf6 2. Nf3 e6 3. c4 d5 4. Nc3 c6 5. Bg5 Be7 6. e3 Nbd7 7. Qc2 0-0 8. cxd5 exd5 9. Bd3 Re8 10. 0-0 h6 11. Bh4 Ne4 12. Bxe7 Qxe7 13. Rab1 Ndf6 14. b4 Ng4 15. b5 Ng5 16. Ne2 Bd7 17. bxc6 Bxc6 18. Nxg5 Qxg5 19. Nf4 Rac8 20. Rfc1 h5 21. Qd2 a6 22. Rb6 Qd8 23. Qb2 Qd6 24. Bf5 Rc7 25. Bxg4 hxg4 26. Nd3 Rec8 27. g3 Qh6 28. Nc5 Qh3 29. Nxb7 Rxb7 30. Rcxc6 Rxc6 31. Rxb7 Rh6 32. Rb8+ Kh7 33. Qc2+ g6 34. Qc8 Qxh2+ 35. Kf1 Qh1+ 36. Ke2 Qf3+ 37. Kd3 Qd1+ 38. Kc3 Qc1+ 39. Kb4 Qb2+ 40. Kc5 1-0

[Event "Pan American-ch U16 24th"]
[Site "Villa Carlos Paz"]
[Date "2008.07.01"]
[Round "3"]
[White "Perez Ponsa, Federico"]
[Black "Palma Moscoso, Alvaro Dario"]
[Result "1-0"]
[WhiteElo "2326"]
[BlackElo "2074"]
[PlyCount "87"]
[EventDate "2008.06.30"]
[EventType "swiss"]
[EventRounds "9"]
[EventCountry "ARG"]
[SourceTitle "EXT 2022"]
[Source "ChessBase"]
[SourceDate "2021.10.06"]
[SourceVersion "1"]
[SourceVersionDate "2021.10.06"]
[SourceQuality "1"]

1. e4 c5 2. Nf3 Nc6 3. d4 cxd4 4. Nxd4 Nf6 5. Nc3 e6 6. Ndb5 d6 7. Bf4 e5 8. Bg5 a6 9. Na3 Be7 10. Nc4 b5 11. Bxf6 gxf6 12. Ne3 Nd4 13. Ncd5 Be6 14. c3 Nc6 15. Bd3 0-0 16. 0-0 Kh8 17. Qe2 Rb8 18. a4 b4 19. Bxa6 bxc3 20. bxc3 Na5 21. Bb5 Nb3 22. Rad1 Rg8 23. Qf3 Nc5 24. Nf5 Bxf5 25. Qxf5 Ra8 26. Ra1 Rg5 27. Qf3 Nb3 28. Ra2 Rg6 29. Nb4 Bf8 30. Bc4 Nc5 31. a5 Ne6 32. Bd5 Rc8 33. a6 Nf4 34. g3 Nxd5 35. Nxd5 Be7 36. a7 Ra8 37. Qe3 Rg8 38. Nb6 Qc7 39. Nxa8 Rxa8 40. Rb1 Bd8 41. h4 Kg7 42. h5 Qc8 43. Qd3 Qc7 44. Qa6 1-0

[Event "Pan American-ch U14"]
[Site "Cuenca"]
[Date "2006.08.??"]
[Round "6"]
[White "Lozano Cedeno, Jorge"]
[Black "Palma Moscoso, Alvaro Dario"]
[Result "0-1"]
[WhiteElo "1643"]
[BlackElo "2007"]
[PlyCount "88"]
[EventDate "2006.08.??"]
[EventType "swiss"]
[EventRounds "9"]
[EventCountry "ECU"]
[SourceTitle "EXT 2022"]
[Source "ChessBase"]
[SourceDate "2021.10.06"]
[SourceVersion "1"]
[SourceVersionDate "2021.10.06"]
[SourceQuality "1"]

1. e4 c5 2. Nf3 Nc6 3. d4 cxd4 4. Nxd4 e6 5. Nc3 Nf6 6. f3 Bb4 7. Be3 d5 8. exd5 Nxd5 9. Nxc6 bxc6 10. Bd2 0-0 11. Nxd5 Bxd2+ 12. Qxd2 exd5 13. 0-0-0 Be6 14. h4 Rb8 15. h5 Qf6 16. Qd4 Qxd4 17. Rxd4 c5 18. Ra4 Rb7 19. Ra5 Rc7 20. g4 Re8 21. Bb5 Rb8 22. Be2 c4 23. f4 d4 24. Bf3 d3 25. Rh2 c3 26. bxc3 Rxc3 27. Be4 Rbc8 28. Rxa7 Bxg4 29. Kb1 dxc2+ 30. Bxc2 Rxc2 31. Rxc2 Bf5 32. a4 Bxc2+ 33. Kb2 Be4 34. a5 Kf8 35. a6 Ra8 36. Rxa8+ Bxa8 37. Kb3 Ke7 38. Kb4 Kf6 39. Kc5 Kf5 40. Kd6 Kxf4 41. Ke7 f5 42. Kf7 Kg5 43. Kxg7 Kxh5 44. Kxh7 f4 0-1